00290nam a2200097 a 4500008004100000050001500041100002100056245009700077260000900174350000900183120416s1971 xx |||||||||||||| || u aTS 176 Bal aBalakshin, Boris10aFundamentals of manufacturing engineeringctranslated from the Russian by Nicholas Weinstein c1971 a0.00